000 00713nam a22002177a 4500
999 _c63666
_d63666
005 20240530110653.0
008 171216s2016 ua g 000 f ara d
017 _a2016/1710
_bمصر. دار الكتب
020 _a9789772937325
040 _aEG-CaGPL
_cEG-CaGPL
082 0 4 _221
_a813.03\
_bم ي
100 0 _aمصطفى نصر
245 1 0 _aيهود الاسكندرية :
_cرواية /
_b مصطفى نصر .
250 _aط.2
260 _aالقاهرة :
_bمكتبة الدار العربية للكتاب،
_c2016 .
300 _a551 ص. ؛
_c22 سم.
650 0 7 _2qrmak
_aالقصص العربية
651 _2qrmak
942 _2ddc
_cBK